|
|
|
|
| LEADER |
00818nam a2200217 a 4500 |
| 001 |
13695404 |
| 008 |
090617s2004 ii b 001 0 eng d |
| 010 |
|
|
|a \\2004019824
|
| 020 |
|
|
|a 0761932763 (paper back)
|
| 040 |
|
|
|a DLC
|c DLC
|d DLC
|
| 082 |
0 |
0 |
|a 658.7
|2 22
|
| 100 |
1 |
|
|a Chatterjee, S.
|
| 245 |
1 |
0 |
|a Applied materials management /
|c S. Chatterjee.
|
| 260 |
|
|
|a New Delhi ;
|a Thousand Oaks :
|b Response Books,
|c 2004.
|
| 300 |
|
|
|a 191 p. :
|b ill. ;
|c 22 cm.
|
| 504 |
|
|
|a Includes bibliographical references and index.
|
| 541 |
1 |
|
|e 00013313
|
| 650 |
|
0 |
|a Materials management.
|
| 852 |
4 |
|
|a Ayesha Abed Library
|j General shelf
|
| 999 |
|
|
|c 1450
|d 1450
|
| 952 |
|
|
|0 0
|1 0
|2 ddc
|4 0
|6 658_700000000000000_CHA
|7 0
|9 1328
|a BRACUL
|b BRACUL
|c GEN
|d 2009-06-28
|g 370.00
|l 2
|m 22
|o 658.7 CHA
|p 3010013313
|r 2025-11-02
|s 2025-06-24
|t 1
|v 740.00
|w 2009-06-28
|y BK
|